| 000 | 01042cam a22003495a 4500 | ||
|---|---|---|---|
| 001 | 12751008 | ||
| 003 | LIBRIS | ||
| 005 | 20241105180936.0 | ||
| 007 | cr ||| ||||| | ||
| 008 | 120406s2012 xx |||||o|||||000 0|und|d | ||
| 020 | _a0071624392 (Print) | ||
| 020 | _a9780071624398 (Print) | ||
| 035 | _a(WaSeSS)ssj0000576294 | ||
| 040 |
_ea _cDLC |
||
| 041 | _aund | ||
| 080 |
_a616.21 _bC-95 |
||
| 100 | 1 | _aLalwani, Anil K | |
| 245 | 1 | 0 | _aCurrent diagnosis & treatment in otolaryngology : head & neck surgery |
| 260 |
_aNew York _bMc Graw Hill _c2012 |
||
| 300 | _a1013 p. | ||
| 362 | _a2012 | ||
| 365 | _b32.99 usd | ||
| 650 | 0 |
_9102 _aOtolaryngology |
|
| 650 | 0 |
_969 _aMedicine |
|
| 650 | 0 |
_9103 _aSurgery |
|
| 653 | _aოტოლარინგოლოგია | ||
| 653 | _aმედიცინა | ||
| 653 | _aქირურგია | ||
| 655 | 4 | _aElectronic books | |
| 776 | 0 | 8 |
_iPrint _tCurrent diagnosis & treatment in otolaryngology : head & neck surgery _z0071624392 _z9780071624398 |
| 942 |
_2udc _cBK _e3 |
||
| 999 |
_c52 _d52 |
||